| 000 | 00690cab a2200241 4500 | ||
|---|---|---|---|
| 001 | WB2323-32 | ||
| 008 | 090401t1987 xxu||||| |||| 00| 0 eng d | ||
| 035 | _a(Sirsi) u13056 | ||
| 041 | _aeng | ||
| 245 | _aMotorway is good for business | ||
| 260 | _c1987 | ||
| 350 | _a0 | ||
| 490 |
_aEvening Standard _v8/6/87 p36 |
||
| 520 | _aBriefly reviews the findings of Growth companies around the M25 , a survey by Jordan and Sons , of the top 200 companies operating near London`s orbital route. | ||
| 650 | _aESSEX | ||
| 650 | _aKENT | ||
| 650 | _aMIDDLESEX | ||
| 650 | _aMOTORWAYS | ||
| 650 | _aSURREY | ||
| 690 | _aPROPERTY LAW AND PRACTICE | ||
| 942 | _n0 | ||
| 948 | _c04/03/1997 | ||
| 999 |
_c8391 _d8391 |
||